|
|
|
|
| LEADER |
01004nam a2200265 a 4500 |
| 008 |
100210s20031982pau 000 1 eng d |
| 020 |
|
|
|a 0706996593
|
| 040 |
|
|
|a DLC
|c DLC
|
| 082 |
0 |
0 |
|a 813/.4
|2 20
|
| 100 |
1 |
|
|a Alcott, Louisa May,
|d 1832-1888.
|
| 245 |
1 |
0 |
|a Little women /
|c Louisa May Alcott.
|
| 260 |
|
|
|a New Delhi :
|b Madhuban Educational Books,
|c c1982 [Reprinted 2003]
|
| 300 |
|
|
|a 688 p. ;
|c 22 cm.
|
| 490 |
0 |
|
|a Madhuban Abridged Classics.
|
| 541 |
1 |
|
|e 00010076
|
| 650 |
|
0 |
|a March family (Fictitious characters)
|x Fiction.
|
| 650 |
|
0 |
|a Mothers and daughters
|x Fiction.
|
| 650 |
|
0 |
|a Young women
|x Fiction.
|
| 650 |
|
0 |
|a Sisters
|x Fiction.
|
| 651 |
|
0 |
|a New England
|x Fiction.
|
| 655 |
|
7 |
|a Autobiographical fiction.
|2 gsafd
|
| 655 |
|
7 |
|a Domestic fiction.
|2 lcsh
|
| 852 |
4 |
|
|a Ayesha Abed Library
|j General shelf
|
| 999 |
|
|
|c 7475
|d 7475
|
| 952 |
|
|
|0 0
|1 0
|2 ddc
|4 0
|6 813_400000000000000_ALC_2003
|7 0
|9 8040
|a BRACUL
|b BRACUL
|c GEN
|d 2010-02-11
|l 22
|m 76
|o 813.4 ALC
|p 3010010076
|r 2025-12-13
|s 2025-10-16
|t 1
|w 2010-02-11
|y BK
|